Catálogo
 En Linea

Introducción al estudio de organización y métodos / (Registro nro. 37989)

Detalles MARC
000 -CABECERA
campo de control de longitud fija 00662nam a2200181 a 4500
001 - NÚMERO DE CONTROL
campo de control 000038499
005 - FECHA Y HORA DE LA ÚLTIMA TRANSACCIÓN
campo de control 20250502073820.0
008 - DATOS DE LONGITUD FIJA--INFORMACIÓN GENERAL
campo de control de longitud fija 130412s1985 000 spa d
040 ## - FUENTE DE LA CATALOGACIÓN
Centro catalogador/agencia de origen DO-SdBNP
Lengua de catalogación spa
Centro/agencia transcriptor BNPHU
100 1# - ENTRADA PRINCIPAL--NOMBRE DE PERSONA
Nombre de persona Danín Lobo, Luis Carlos
9 (RLIN) 22286
245 10 - MENCIÓN DE TÍTULO
Título Introducción al estudio de organización y métodos /
Mención de responsabilidad, etc. Luis Carlos Danín Lobo.
250 ## - MENCIÓN DE EDICIÓN
Mención de edición 4a ed.
260 ## - PUBLICACIÓN, DISTRIBUCIÓN, ETC.
Lugar de publicación, distribución, etc. Santo Domingo :
Nombre del editor, distribuidor, etc. ONAP ,
Fecha de publicación, distribución, etc. 1985.
300 ## - DESCRIPCIÓN FÍSICA
Extensión 93 p. :
Otras características físicas il. ;
Dimensiones 21 cm.
490 1# - MENCIÓN DE SERIE
Mención de serie Colección estudios administrativos
Designación de volumen o secuencia 2
710 1# - PUNTO DE ACCESO ADICIONAL--NOMBRE DE ENTIDAD CORPORATIVA
Nombre de entidad corporativa o nombre de jurisdicción como elemento de entrada República Dominicana.
Unidad subordinada Oficina Nacional de Administración y Personal
9 (RLIN) 26398
830 #0 - PUNTO DE ACCESO ADICIONAL DE SERIE-TÍTULO UNIFORME
Título uniforme Colección estudios administrativos
Número de parte o sección de la obra 2
9 (RLIN) 64853
Existencias
Estado de retiro Estado de pérdida Restricciones de uso No para préstamo Código de colección Localización permanente Ubicación/localización actual Ubicación en estantería Fecha de adquisición Número de inventario Total de préstamos Signatura topográfica completa Código de barras Fecha visto por última vez Precio válido a partir de Tipo de ítem Koha
        Monografías: Libros y Folletos Patrimonio Dominicano Patrimonio Dominicano Orden iniciada 12.04.2013 LF1   38499-10 25.06.2020 25.06.2020 No se presta

Con tecnología Koha